000 00394nam a22001577a 4500
020 _a9789873720130
080 _a347 (094.4) C 498
245 _aCòdigo Civil y Comercial de la Naciòn
260 _aBuenos Aires
_bInfojus
_c2014
300 _a544 P.
_c23 X 16 Cm.
650 _xCòdigo Civil
650 _xcodigo comercial
650 _xLey 26994
945 _acd
_d2015-08-14
999 _c4108
_d234612
942 _6_